Economía (Registro nro. 3560)

Detalles MARC
000 -LEADER
fixed length control field 00957 a2200241 4500
001 - CONTROL NUMBER
control field 41995
005 - DATE AND TIME OF LATEST TRANSACTION
control field 20260407155711.0
008 - FIXED-LENGTH DATA ELEMENTS--GENERAL INFORMATION
fixed length control field 260407a1984 arg spa d
003 - CONTROL NUMBER IDENTIFIER
control field AR-UNSa-BCEJYS
040 ## - CATALOGING SOURCE
Original cataloging agency AR-UNSa-BCEJYS
Language of cataloging spa
Transcribing agency AR-UNSa-BCEJYS
080 ## - UNIVERSAL DECIMAL CLASSIFICATION NUMBER
Universal Decimal Classification number 330
Common auxiliary subdivision Economía en general
020 ## - INTERNATIONAL STANDARD BOOK NUMBER
International Standard Book Number 968-451-633-9
041 ## - LANGUAGE CODE
Language code of text/sound track or separate title spa
100 1# - MAIN ENTRY--PERSONAL NAME
Personal name Wonnacott, Ronald J.
245 10 - TITLE STATEMENT
Title Economía
250 ## - EDITION STATEMENT
Edition statement 2a. ed.
264 #1 - PRODUCTION, PUBLICATION, DISTRIBUTION, MANUFACTURE, AND COPYRIGHT NOTICE
Place of production, publication, distribution, manufacture México :
Name of producer, publisher, distributor, manufacturer McGraw-Hill
Date of production, publication, distribution, manufacture, or copyright notice 1984
300 ## - PHYSICAL DESCRIPTION
Extent xlvi, 955 p.
Dimensions 23 cm.
505 ## - FORMATTED CONTENTS NOTE
Formatted contents note 1. Conceptos económicos básicos - 2. Alto nivel de empleo y estabilidad de precios - 3. Políticas de demanda agregada - 4. Las grandes cuestiones macroeconomicas de nuestro tiempo - 5. Microeconomía ¿ Es suficiente nuestra producción? - 6. Eficiencia económica: Cuestiones para nuestro tiempo - 7. Microeconomía: Como se distribuye la renta
590 ## - LOCAL NOTE (RLIN)
Local note niveau_biblio:m niveau_hierar:0
700 1# - ADDED ENTRY--PERSONAL NAME
Personal name Wonnacott, Paul
942 ## - ADDED ENTRY ELEMENTS (KOHA)
Koha item type
Existencias
Withdrawn status Lost status Damaged status Not for loan Home library Current library Shelving location Date acquired Total checkouts Full call number Barcode Date last seen Price effective from Koha item type
        Biblioteca Prof. Eusebio Cleto del Rey Biblioteca Prof. Eusebio Cleto del Rey   07/04/2026   330 W837 2ed. L44280 07/04/2026 07/04/2026 Libro
        Biblioteca Prof. Eusebio Cleto del Rey Biblioteca Prof. Eusebio Cleto del Rey   07/04/2026   330 W837 2ed. L44282 07/04/2026 07/04/2026 Libro
        Biblioteca Prof. Eusebio Cleto del Rey Biblioteca Prof. Eusebio Cleto del Rey   07/04/2026   330 W837 2ed. L44281 07/04/2026 07/04/2026 Libro